Voile 2023 : De quel pays est originaire le champion du monde ? - Statistiques

Statistiques générales
  • Ce quiz a été pris 15 fois
  • Le résultat moyen est 2 sur 10
Statistiques - réponses
Hint Réponse % Correct
Kitesurf F France
77%
Nacra 17 F Italie
38%
Laser standard H Australie
31%
49er H Pays-Bas
23%
Planche à voile H Pays-Bas
23%
Planche à voile F Israël
15%
470 H Japon
15%
Laser radial F Hongrie
0%
Kitesurf H Singapour
0%
49er FX F Suède
0%
Aucun quiz correspondant
Distribution des résultats
% des personnes avec chaque résultat
Percentile par nombre de réponses
Votre historique - résultats
Vous n’avez pas pris ce quiz